Evolución en los métodos de desarrollo rural en América Latina

में बचाया:
ग्रंथसूची विवरण
मुख्य लेखक: Muro Bowling, Pedro
स्वरूप: मूलपाठ
प्रकाशित: Tegucigalpa: UNAH
टैग: टैग जोड़ें
कोई टैग नहीं, इस रिकॉर्ड को टैग करने वाले पहले व्यक्ति बनें!

MARC

LEADER 00000 a a2200000 04500
001 21067
003
040
090 |a 091000  
100 |a Muro Bowling, Pedro  
245 |a Evolución en los métodos de desarrollo rural en América Latina  
260 |a Tegucigalpa:   |b UNAH  
300 |a 27 p.  
999 |c 15520  |d 15520